Responses for show #4846 - Monday, October 10, 2005

2005 Back to School Week game 1.

Contestants

[<< previous game]

Andrew Vogl, from Yonkers, New York

Madeline Suchard, from Placentia, California

Pranita Ramakrishnan, from Centreville, Virginia

[next game >>]

Jeopardy! Round responses

KIDS IN HISTORY
WHERE WE WENT ON SUMMER VACATION
IN THE BOOKSTORE
ANAGRAM ZOO
HOW TO INVEST YOUR ALLOWANCE
LET'S GO TO THE MOVIES
    $200 2
Betsy Ross

Madeline
    $200 23
(Pranita: What is a lei?)
(Alex: No.)
(Pranita: --or [*]?)
(Alex: [*] is right, okay.)

a luau

Pranita
    $200 21
Lemony Snicket

Pranita
    $200 4
giraffe

Andrew
    $200 13
eBay

Pranita
    $200 1
popcorn

Andrew
    $400 3
Marco Polo

Andrew
    $400 24
the Eiffel Tower

Andrew
    $400 22
Wilbur

Andrew
    $400 5
kangaroo

Madeline
    $400 14
Donald Trump

Andrew
    $400 9
drive-ins

Madeline
    $1,000 6
John Paul Jones

Madeline
    $600 25
cheese

Andrew
    $600 27
Tuck Everlasting

Madeline
    $600 18
gorilla

Madeline
    $600 15
cancer

Andrew
    $600 10
(Andrew: What's the board of directors?)
(Pranita: What is a box office?)

ratings

PranitaAndrew
Triple Stumper
    $800 7
(Pranita: Who is King Albert?)

Henry VIII

PranitaMadeline
    $800 26
Seattle

Madeline
    $800 28
The Phantom Tollbooth

Madeline
    $800 19
a dolphin

Madeline
    $800 16
stock

Andrew
    $800 11
(Madeline: What are trailers?)

commercials

Madeline
Triple Stumper
    $1000 8
(Madeline: Who is Wolfgang Amadeus Mozart?)

(Fredric) Chopin

Madeline
Triple Stumper
    $1000 30
(Andrew: Who is Monet?)
...
(Alex: [Surprised that no clues remain] And that does it for the round. Gosh, you guys moved very quickly, there, and as a result, Madeline, in the lead with $7,600, Andrew next, and Pranita, you'll go first in Double Jeopardy! when we come back after this.)

Vincent Van Gogh

MadelineAndrew
    $1000 29
Black Beauty

Madeline
    $1000 20
a mongoose

Madeline
    $1000 17
the U.S. Treasury

Andrew
    $1000 12
stadium

Pranita

Scores at the first commercial break (after clue 12):

Pranita Madeline Andrew
-$400 $1,000 $200

Scores at the end of the Jeopardy! Round:

Pranita Madeline Andrew
$200 $7,600 $3,400

Double Jeopardy! Round responses

"B" IN SCIENCE
TV DINNERS
YOU CAN QUOTE ME!
THE AUDIOVISUAL HOUR
I SEE LONDON, I SEE FRANCE
10-LETTER WORDS
    $400 1
bamboo

Madeline
    $400 2
SpongeBob SquarePants

Andrew
    $400 5
Schwarzenegger

Madeline
    $400 26
leaves

Madeline
    $400 21
(Madeline: What is the English Channel?)

the Chunnel

Madeline
Triple Stumper
    $400 16
(Andrew: What is...)

Metropolis

MadelineAndrew
    $800 3
bacteria

Andrew
    $800 4
The Simpsons

Madeline
    $800 6
(Madeline: Who is Kennedy?)
(Alex: Which one?)

John F. Kennedy

Madeline
    $800 27
(Madeline: What is the trumpet?)
(Pranita: What is a flute?)

a clarinet

PranitaMadelineAndrew
    $800 22
Julius Caesar

Madeline
    $1,400 17
(Alex: You are right. The audience couldn't see it, folks... the home audience couldn't see it, but I was watching Madeline's fingers back there. And she was going: [counts on fingers])

Antarctica

Madeline
    $1,000 12
the big bang theory

Pranita
    $1200 9
(Andrew: What is Yellow Brick Road?)

Sesame Street

Andrew
Triple Stumper
    $1200 7
Moses

Madeline
    $1200 28
the Strait of Gibraltar

Pranita
    $1200 23
Westminster Abbey

Madeline
    $1200 18
cannonball

Madeline
    $1600 13
the bond

Triple Stumper
    $1600 10
Lizzie McGuire

Andrew
    $1600 8
fifteen

Andrew
    $1600 29
[The end-of-round signal sounds.]

talc (or talcum powder)

Andrew
    $1600 24
George Washington

Andrew
    $1600 19
the Charleston

Madeline
    $2000 14
basalt

Madeline
    $2000 11
That's So Raven

Pranita
    $2000 15
(Pranita: Who is Einstein?)

Thomas Alva Edison

PranitaAndrew
    $2000 25
the Hundred Years' War

Triple Stumper
    $2000 20
(Pranita: What is a decagon?)
(Andrew: What is a dodecahedron?)

a decahedron

PranitaAndrew
Triple Stumper

Scores at the end of the Double Jeopardy! Round:

Pranita Madeline Andrew
-$400 $19,000 $10,200

[wagering suggestions for these scores]

Final Jeopardy! Round responses

CHILDREN'S LITERATURE
[Julie & Jeff Suchard]
AndrewWho is Cinderella
$10,199
MadelineWho is Cinderella
$1,401
Cinderella

Final scores:

Pranita Madeline Andrew
-$400 $20,401 $20,399
3rd place: $1,000 + an AOL personal computer package + Classroom Jeopardy! Winner: $20,401 + an AOL personal computer package + Classroom Jeopardy! 2nd place: $2,000 + an AOL personal computer package + Classroom Jeopardy!

Game dynamics:

Coryat scores:

Pranita Madeline Andrew
-$200 $18,000 $10,200
7 R
(including 1 DD),
5 W
26 R
(including 2 DDs),
4 W
18 R,
5 W

Combined Coryat: $28,000

The J! Archive is created by fans, for fans. The Jeopardy! game show and all elements thereof, including but not limited to copyright and trademark thereto, are the property of Jeopardy Productions, Inc. and are protected under law. This website is not affiliated with, sponsored by, or operated by Jeopardy Productions, Inc. Join the discussion at JBoard.tv.